Modelos, contenidos y experiencias en la formación del profesorado de ciencias sociales
I tiakina i:
| Ngā kaituhi matua: | , , |
|---|---|
| Hōputu: | Pukapuka |
| Reo: | Pāniora |
| I whakaputaina: |
Huelva
Universidad de Huelva
2000
|
| Rangatū: | Collectanea, 38
|
| Ngā marau: | |
| Ngā Tūtohu: |
Tāpirihia he Tūtohu
Kāore He Tūtohu, Me noho koe te mea tuatahi ki te tūtohu i tēnei pūkete!
|
MARC
| LEADER | 00000nam a2200000 a 4500 | ||
|---|---|---|---|
| 001 | UCO9439 | ||
| 003 | CL-VaPUC | ||
| 008 | 010302e20000000SP |||||||||||||||||spa|d | ||
| 082 | 0 | 4 | |a 370.71 |b PAG |2 21 |
| 100 | |a Pagès Blanch, Joan |e autor |9 465952 | ||
| 700 | 0 | |a Estepa Giménez, Jesús |e author |9 454580 | |
| 700 | 0 | |a Travé González, Gabriel |e author |9 454581 | |
| 245 | 1 | 0 | |a Modelos, contenidos y experiencias en la formación del profesorado de ciencias sociales |
| 300 | |a 659 p | ||
| 942 | |c BK | ||
| 945 | |d 20010302 00:00:00 |a vberengu | ||
| 260 | |a Huelva |b Universidad de Huelva |c 2000 | ||
| 650 | 0 | |a Formación de docentes |9 329378 | |
| 650 | 0 | |a Formación profesional de profesores |9 307493 | |
| 650 | 0 | |a Enseñanza de las ciencias sociales |9 337823 | |
| 583 | |a last modification |c 20010302 00:00:00 |k Rodrigo Vera | ||
| 490 | 0 | |a Collectanea, 38 | |
| 999 | |c 293647 |d 293645 | ||
| 952 | |0 0 |1 0 |4 0 |6 370_710000000000000_PAG_2000 |7 0 |8 A |9 345330 |a BIBHIS |b BIBHIS |d 2019-11-20 |i 3681564 |o 370.71 PAG 2000 |p 3681564 |r 2025-01-20 |w 2019-11-20 |y BK |k HIS | ||